| 000 | 00330nam a2200109Ia 4500 | ||
|---|---|---|---|
| 008 | 180205s9999 xx 000 0 und d | ||
| 020 | _a9716857252 | ||
| 100 | _aLorimar | ||
| 245 | _aComprehensive let reviewer based on NCBTS and table of specifications / | ||
| 260 |
_aQuezon City _bAdriana printing Co _c2011 |
||
| 300 | _a180 pages | ||
| 999 |
_c354889 _d354889 |
||